[Event "BRA-ch 76th"]
[Site "Americana"]
[Date "2009.12.02"]
[Round "1"]
[White "Milos, Gilberto"]
[Black "Fier, Alexandr"]
[Result "1/2-1/2"]
[WhiteElo "2603"]
[BlackElo "2653"]
[Annotator "Fier,A"]
[PlyCount "104"]
[EventDate "2009.12.02"]
[EventType "tourn"]
[EventRounds "11"]
[EventCountry "BRA"]
[EventCategory "9"]
[SourceTitle "CBM 134"]
[Source "ChessBase"]
[SourceDate "2010.01.18"]
[SourceVersion "1"]
[SourceVersionDate "2010.01.18"]
[SourceQuality "1"]

1. e4 c5 2. Nf3 e6 3. d4 cxd4 4. Nxd4 Nc6 5. Nc3 Qc7 6. Be2 a6 7. O-O Nf6 8.
Kh1 Be7 9. f4 d6 10. Be3 O-O 11. a4 Re8 12. Bf3 Bd7 13. Nb3 b6 14. g4 Bc8 15.
g5 Nd7 16. Bg2 Bb7 17. Rf3 g6 18. Rh3 Nb4 19. Qd2 Bf8 20. Qf2 Bg7 21. Rf1 Re7
22. Bd4 e5 23. fxe5 Bxe5 24. Bxe5 dxe5 25. Rf3 Rf8 $5 $146 {An improvement} (
25... Nf8 {was played before, but after} 26. a5 bxa5 27. Nxa5 Rb8 28. Nxb7 Qxb7
29. Rf6 {White was better in Jakovenko - Van Wely, Foros 2008}) 26. Bh3 {
The best move, with idea of Bg4 and h4 and h5. Played without thinking...
Milos had prepared this line too.} Bc6 27. Bg4 Qb7 28. Qe2 (28. Re1 {is the
option, and here I think Black should play with a5 to support Black's knight,
with a very complex position.} a5 $13) 28... Kg7 $6 (28... Nc5 29. Nxc5 bxc5 {
I was afraid to give up the c4-square for his queen, but Black compensates for
this with piece activity.} 30. R3f2 Rd8 31. Qc4 Rd6 $11) 29. Kg1 b5 30. axb5
axb5 (30... Bxb5 31. Nxb5 Qxb5 32. Qd2 {is unpleasant for Black.}) 31. Qd2 $1
Qa7+ {The most active idea, looking for a two pieces against rook position.
The d6-square is a really serious problem for Black.} (31... f5 32. gxf6+ Rxf6
33. Nc5 Qa7 34. Qf2 Nxc5 35. Rxf6 $18) 32. Kg2 (32. R3f2 $1 {was very strong,
but over the board it is a difficult decision to take... It's natural to avoid
pins.} f5 33. exf5 gxf5 34. Nxb5 Bxb5 35. Qxb4 Ree8 36. Qxb5 fxg4 37. Kg2 {
and Black has some problems.}) 32... Nc5 33. Qd6 Nxe4 34. Nxe4 Bxe4 35. Qxb4
Bxf3+ 36. Bxf3 Rc8 37. c3 h6 38. Ra1 $1 {A very good plan... Looking to the
f6-square!} Qc7 39. gxh6+ Kxh6 40. Qh4+ Kg7 41. Ra6 $1 {And now I have to take
care, otherwise White's piece activity can be fatal.} e4 $1 {Opening e5 for
the queen.} (41... Qd8 42. Qf6+ Kg8 {is too passive.}) 42. Bxe4 Qe5 43. Bf3 Rh8
44. Qg3 Qe3 45. Rd6 b4 46. Rd2 bxc3 47. Re2 Qxe2+ 48. Bxe2 Rxe2+ 49. Kf1 cxb2 (
49... Rhxh2 {was an interesting try, but after} 50. Qxc3+ Kh7 51. Qc4 Rhf2+ 52.
Kg1 Rxb2 53. Qh4+ Kg7 54. Qxf2 {is a dead draw.}) 50. Qc3+ Kg8 51. Qc8+ Kg7 52.
Qc3+ Kg8 1/2-1/2

[Event "EU-ch 17th"]
[Site "Gjakova"]
[Date "2016.05.12"]
[Round "1"]
[White "Navara, David"]
[Black "Agopov, Mikael"]
[Result "1-0"]
[WhiteElo "2735"]
[BlackElo "2442"]
[Annotator "Fischer,J"]
[PlyCount "43"]
[EventDate "2016.05.12"]
[EventType "swiss"]
[EventRounds "11"]
[EventCountry "KOS"]
[SourceTitle "CBM 173"]
[Source "ChessBase"]
[SourceDate "2016.07.12"]
[SourceVersion "1"]
[SourceVersionDate "2016.07.12"]
[SourceQuality "1"]

1. e4 c5 2. Nf3 d6 3. d4 cxd4 4. Nxd4 Nf6 5. Nc3 a6 6. Be2 e6 7. O-O Be7 8. f4
O-O 9. Kh1 Qc7 10. a4 Nc6 11. Be3 Re8 12. Bf3 Bf8 13. Qd2 Na5 ({Navara knows
this position. But in a previous game his opponent continued with} 13... Bd7
14. Qf2 Rab8 15. a5 Nxa5 16. Nxe6 Rxe6 17. Bb6 Qc8 18. Rxa5 Bc6 19. Qd4 Qe8 20.
Re1 g6 21. Raa1 Nd7 22. Ba7 Ra8 23. Qf2 Bg7 24. Bd4 Bxd4 25. Qxd4 Nf6 26. Re2
Qe7 27. Rae1 Re8 28. h3 Qd8 29. Nd1 h5 30. Nf2 Qc7 31. g4 hxg4 32. hxg4 g5 33.
f5 Re5 34. Nd3 Bb5 35. Qe3 Nh7 36. Rh2 Rxe4 37. Bxe4 Rxe4 38. Qh3 Bxd3 39.
Qxh7+ Kf8 {0-1 (39) Navara,D (2722)-Sasikiran,K (2681) Khanty-Mansiysk 2010})
14. b3 Bd7 15. Nde2 Bc6 16. Bd4 $146 ({[#]A new move. A correspondence
continued with} 16. Rad1 Rac8 17. Qe1 b5 18. Qf2 b4 19. Bb6 Qb7 20. Bxa5 bxc3
21. e5 dxe5 22. fxe5 Bxf3 23. Qxf3 Qxf3 24. Rxf3 Ng4 25. h3 Nxe5 26. Rxc3 f5
27. g3 h5 28. Nf4 Rxc3 29. Bxc3 Nf7 30. Ba5 Bd6 31. h4 e5 32. Nd5 e4 33. Kg2
Re6 34. Bd2 Ne5 35. Nf4 Re8 36. Ba5 Bb8 37. Nxh5 Rc8 38. c4 Nd3 39. Bc3 g6 40.
Nf6+ Kf7 41. Nd5 Bd6 42. a5 Ke6 43. Rb1 Rc6 44. Rh1 Be5 45. h5 Bxc3 {Borisovs,
L (2370)-Weber,J (2382) ICCF email 2008 1/2-1/2}) 16... e5 17. Be3 b6 18. f5
Rad8 19. Ng3 {[#]} d5 $2 {The thematic counter in the center - which here,
however, is too early.} ({Less violent, more patient and more careful is} 19...
Bb7) 20. exd5 Bb7 $6 {After this move Black is already lost.} ({The only way
to stay in the game was} 20... e4 21. Ngxe4 Nxd5 22. Nxd5 Rxd5 {Black is a
pawn down for which he does not have adequate compensation but he at least
hope to stir up some trouble.}) 21. Bg5 $1 {Simple and strong.} Bb4 ({or} 21...
Rc8 22. Bxf6 Qxc3 23. Qg5 h6 24. Qg4 {with a devastating attack for White, e.g.
} Kh8 25. Bxg7+ Bxg7 26. f6 Bxf6 27. Qf5 e4 28. Bxe4 {and White wins.}) 22.
Bxf6 {[#]Black resigned. After 22...gxf6 White plays 23.Nh5 with a winning
attack and after 22...Qxc3 White wins with 23.Qg5 Bf8 24.Bxg7.} 1-0

[Event "CHN-ch"]
[Site "Xinghua"]
[Date "2016.04.24"]
[Round "7"]
[White "Wei, Yi"]
[Black "Wang, Chen"]
[Result "1-0"]
[WhiteElo "2700"]
[BlackElo "2514"]
[Annotator "Fischer,J"]
[PlyCount "55"]
[EventDate "2016.04.17"]
[EventType "tourn"]
[EventRounds "11"]
[EventCountry "CHN"]
[EventCategory "14"]
[SourceTitle "CBM 172"]
[Source "ChessBase"]
[SourceDate "2016.05.12"]
[SourceVersion "1"]
[SourceVersionDate "2016.05.12"]
[SourceQuality "1"]

1. e4 c5 2. Nf3 e6 3. Nc3 Nc6 4. d4 cxd4 5. Nxd4 Qc7 6. Be2 a6 7. O-O Nf6 8.
Be3 Be7 9. f4 d6 10. Kh1 O-O 11. Qe1 Bd7 12. Qg3 Nxd4 13. Bxd4 Bc6 14. Rae1 b5
15. a3 Rae8 16. Bf3 Rd8 17. Re3 Qb7 $146 ({A previous game finished quickly
after Black missed a couple of tactics:} 17... g6 18. e5 dxe5 19. Bxe5 Qb6 20.
Bxc6 Qxc6 21. Qh4 Nd5 22. Qxh7+ {1-0 (22) Bernadskiy,V (2358)-Fedoseev,V (2353)
Lvov 2009}) 18. Rfe1 g6 19. Qh3 Rfe8 20. Qh6 Bf8 21. Qg5 Nd7 22. Nd5 Qb8 23.
Nf6+ Nxf6 24. Bxf6 Rc8 25. Bg4 Ba8 $2 {[#]Now Black's position collapses
remarkably quickly.} ({After} 25... Qb7 26. c3 Bg7 27. Bxg7 Kxg7 {the engines
evaluate the position as equal.}) 26. Rh3 {Brutally simple. Black is helpless
against the attack on the h-file.} Rc5 27. Qh4 h5 28. b4 {After 28...Rxc2
White plays 29.Bxh5 and Black's king won't survive long.} 1-0

[Event "Sarajevo Bosnia 30th"]
[Site "Sarajevo"]
[Date "2000.05.27"]
[Round "10"]
[White "Shirov, Alexei"]
[Black "Movsesian, Sergei"]
[Result "0-1"]
[WhiteElo "2751"]
[BlackElo "2668"]
[Annotator "Ftacnik,L"]
[PlyCount "80"]
[EventDate "2000.05.17"]
[EventType "tourn"]
[EventRounds "11"]
[EventCountry "BIH"]
[EventCategory "19"]
[SourceTitle "CBM 077"]
[Source "ChessBase"]
[SourceDate "2000.07.27"]
[SourceVersion "1"]
[SourceVersionDate "2000.07.27"]
[SourceQuality "1"]

{[%mdl 2]} 1. e4 c5 2. Nf3 Nc6 3. d4 cxd4 4. Nxd4 Qc7 5. Nc3 e6 6. Be2 a6 7.
O-O Nf6 8. Be3 Be7 9. f4 d6 10. Qe1 O-O 11. Qg3 Nxd4 12. Bxd4 b5 13. a3 Bb7 14.
Kh1 Bc6 15. Rae1 Qb7 16. Bd3 b4 17. Nd1 bxa3 18. bxa3 Rac8 (18... Rad8 $1 19.
c3 $5 (19. Nf2 Nh5 20. Qg4 g6 21. Nh3 Bf6 22. Bxf6 Nxf6 23. Qh4 Kg7 24. f5 exf5
25. Rxf5 Qe7 {1/2-1/2 Renet,O-Pogorelov,R/Las Palmas/1997/ (39)}) 19... g6 20.
Nf2 Nh5 21. Qe3 f6 $1 22. Bc4 Ng7 23. Rb1 Qc8 24. Rb6 Bb7 25. Ba2 $1 $14 {
1-0 Shirov,A-Kabatianski,A/GER-chT/1996/ (76)}) 19. Nf2 $1 {Shirov is trying
to prove, that concentration of white pieces against black kingside
compensates for the imperfect pawn structure.} (19. Ne3 Bxe4 20. Bxf6 Bxf6 21.
Ng4 Bxd3 22. Nxf6+ Kh8 23. Rb1 Qe7 24. Qxd3 Qxf6 25. Qxd6 Rfd8 26. Qxa6 Rxc2 {
1/2-1/2 Lautier,J-Movsesian,S/Malmoe/1999/ (91)}) 19... Nh5 (19... Bb5 20. Rb1
$14) 20. Qf3 g6 21. Ng4 (21. Rb1 Qa8 22. Rb6 Bb5 23. Ng4 f6 $14) 21... f6 22.
f5 (22. Qe2 Bb5 $14) 22... exf5 23. Nh6+ Kh8 24. Nxf5 (24. Qe2 $1 Bxe4 (24...
fxe4 25. Bxa6 Qd7 26. Bxc8 Qxc8 27. Nf5 $16) (24... Rce8 25. Rb1 Qa8 26. exf5
Bd8 27. Qg4 $16) 25. Bxa6 Bxg2+ 26. Qxg2 Qxa6 27. Rxe7 Rxc2 28. Qf3 $16) 24...
gxf5 25. Qxh5 fxe4 26. Qg5 Rf7 $1 (26... Rg8 $2 27. Rxf6 Rg7 28. Bc4 $18) (
26... exd3 $2 27. Rxe7 $1 Qxe7 28. Rxf6 Qe5 (28... Qe1+ 29. Rf1+ Qe5 30. Bxe5+
dxe5 31. Qxe5+ $18) 29. Bxe5 dxe5 30. Rxf8+ Rxf8 31. Qxe5+ Kg8 32. Qg3+ Kh8 33.
Qxd3 $18) 27. Bc4 $6 {This move is spoiling an interesting position, white was
keeping lots of chances with the much stronger idea 27.Rb1!} (27. Rxf6 Bxf6 28.
Bxf6+ Rxf6 29. Qxf6+ Qg7 30. Qxg7+ Kxg7 31. Bf1 d5 $15) (27. Rb1 $5 Qd7 (27...
Rg7 28. Rxb7 Bxb7 29. Rxf6 exd3) (27... Qa8 28. Rxf6 $1 Rg7 29. Bc4 $18) (27...
exd3 $2 28. Rxb7 Bxb7 29. Rxf6 $1 Rg7 30. Qh6 $1 (30. Qg4 Bxf6 31. Bxf6 Rcc7
32. c3 Rcf7 $11) 30... Bxg2+ 31. Kg1 d2 (31... Bxf6 32. Bxf6 Rcg8 33. cxd3 Be4+
34. Kf2 Bxd3 35. Bxg7+ Rxg7 36. Qxd6 $16) 32. Qxd2 (32. Rf1 $5) 32... Be4+ 33.
Kf1 Rxc2 34. Qxc2 Bxc2 35. Rf7 $18) 28. Rxf6 Rxf6 29. Bxf6+ Bxf6 30. Qxf6+ Qg7
31. Qxg7+ Kxg7 32. Bxa6 Rc7 (32... Ra8 33. Rb6 $16) 33. Kg1 $16) 27... Rg8 28.
Qe3 (28. Qh6 d5 29. Rxf6 Bxf6 30. Bxf6+ Rxf6 31. Qxf6+ Qg7 32. Qxg7+ Kxg7 $15)
28... d5 29. Bb3 Qd7 30. Rf4 $6 (30. c4 $1 Rg6 (30... Rg4 31. Rd1 $14) 31. cxd5
(31. Rd1 Qe6 32. cxd5 Bxd5 33. Bxd5 Qxd5 34. Rxf6 Bxf6 35. Bxf6+ Rgxf6 36. Rxd5
Rf1+ 37. Qg1 $14) 31... Bxd5 32. Bxd5 Qxd5 33. Qxe4 Qxe4 34. Rxe4 Bxa3 35. Ra1
Bd6 36. Rxa6 Be5 $14) 30... Rg4 31. Rf2 (31. c4 Rxf4 32. Qxf4 dxc4 33. Bxc4 Rf8
34. Rd1 Qd6 $15) 31... Kg8 32. c4 Qe6 33. cxd5 $2 {White is slipping down the
slope with many of his imperfect moves, 33.Qh3! still seems to hold balance.} (
33. Qh3 $5 f5 34. cxd5 Bxd5 35. Rxf5 Qxf5 36. Bxd5 Rf4 37. Bxf7+ Kxf7 38. Qb3+
Kf8 $11) 33... Bxd5 34. Bd1 (34. Bxd5 Qxd5 35. h3 Rg6 36. Qxe4 Qxe4 37. Rxe4
Bxa3 38. Ra2 f5 $1 39. Re8+ Rf8 $17) 34... Rg5 (34... Rgg7 35. Rb2 Qd6 36. Bb3
$13) 35. h4 (35. Rb2 Bd6 36. Rb6 Rfg7 $1 37. Rg1 a5 $17) 35... Rgg7 36. Bb2 (
36. Rb2 Qd6 $1 (36... Bd6 37. Rb6 Rg3 38. Qxg3+ Bxg3 39. Rxe6 Bxe1 40. Rxa6
Bxh4 41. Rd6 Ba2 42. a4 $15) 37. Rb3 Bxb3 38. Bxb3 Rg4 39. Bxf7+ Kxf7 $19)
36... Bd6 37. Rd2 Rg3 $1 {The day of punishment, white king is vulnerable and
the natural defense fails tactically.} 38. Bf3 (38. Qd4 Rh3+ $1 39. Kg1 (39.
gxh3 Qxh3+ 40. Kg1 Rg7+ $19) 39... Bh2+ 40. Kf2 Qf5+ 41. Ke2 Be5 42. Qxd5 Qg4+
$19) (38. Qg1 Rfg7 39. Qf1 e3 $19) 38... Rxf3 (38... Rfg7 39. Rxd5 Qh3+ $1 40.
Kg1 Rxg2+ $19) 39. Qxf3 (39. gxf3 Qh3+ 40. Kg1 Rg7+ $19) 39... exf3 40. Rxe6
Bxe6 (40... Bxe6 41. Rxd6 f2 42. Rd1 Bc4 $19) 0-1

[Event "Corus-B"]
[Site "Wijk aan Zee"]
[Date "2004.01.23"]
[Round "11"]
[White "Van der Wiel, John"]
[Black "Bruzon Batista, Lazaro"]
[Result "0-1"]
[WhiteElo "2542"]
[BlackElo "2603"]
[Annotator "Ftacnik,L"]
[PlyCount "110"]
[EventDate "2004.01.10"]
[EventType "tourn"]
[EventRounds "13"]
[EventCountry "NED"]
[EventCategory "13"]
[SourceTitle "CBM 099"]
[Source "ChessBase"]
[SourceDate "2004.03.30"]
[SourceVersion "1"]
[SourceVersionDate "2004.03.30"]
[SourceQuality "1"]

1. e4 c5 2. Nf3 e6 3. d4 cxd4 4. Nxd4 Nc6 5. Nc3 Qc7 6. Be2 Nf6 7. O-O a6 8.
Kh1 Be7 9. f4 d6 10. a4 O-O 11. Be3 Re8 12. Bf3 Na5 $5 {In the critical
position of the 11...Re8 variation black has a range of moves and this one can
have a lot of future.} 13. g4 Nc4 14. Bc1 Bf8 15. g5 Nd7 16. Qe1 b6 17. b3 Na5
18. Bb2 Bb7 19. Qh4 Nc6 20. Nde2 Nb4 21. Bg2 $6 {Van der Wiel decides to go
for a direct attack, but the whole line was played and refuted before.} (21.
Rac1 d5 $1 $11) 21... Nxc2 (21... d5 $5 $13) 22. Rf3 $2 (22. Rac1 Ne3 23. Rf3 (
23. Nd5 Nxg2 24. Kxg2 Qd8 25. Nc7 Bxe4+ $17) 23... Nxg2 24. Kxg2 Be7 25. Rh3
Nf8 $17) 22... Nxa1 23. Rh3 f6 $1 (23... h6 $2 24. gxh6 gxh6 25. Rg3+ Kh7 26.
Nd5 exd5 27. Qg4 $18) 24. Qxh7+ Kf7 25. Rh6 {The first independent move of the
game, black seems to be winning.} (25. Bxa1 Qc5 26. Bb2 Ke7 27. Qg6 Kd8 28.
gxf6 gxf6 29. Rh7 Qf2 30. h3 Re7 {0-1 Acs,P-Kempinski,R/Ohrid 2001/ (37)})
25... e5 (25... Nxb3 26. gxf6 Nxf6 27. Rxf6+ Ke7 (27... Kxf6 $2 28. Nd5+ Kf7
29. Qh5+ Kg8 30. Nxc7 $18) 28. f5 e5 $19) 26. Bxa1 Ke7 27. gxf6+ (27. Rg6 Kd8
$19) 27... Nxf6 28. Rxf6 $5 Kxf6 29. Nd5+ (29. Bf3 Ke7 30. Bh5 Qc5 31. Qf5 Bc6
$19) 29... Bxd5 30. exd5 Qc5 31. Qh4+ Kf7 32. fxe5 (32. Qh5+ g6 33. Qh7+ Bg7
34. Be4 Kf8 35. Qxg6 Ra7 $19) 32... dxe5 33. Qh5+ g6 $1 {[%mdl 1024]
Admittedly white has some initiative against the loose black king, but Bruzon
has too much spare material.} (33... Kg8 34. Be4 Bd6 35. Kg2 Kf8 36. Bc3 Ke7
$17) 34. Qh7+ Bg7 35. Be4 Qd6 36. Nf4 Rh8 $1 (36... exf4 $4 37. Qxg7#) 37.
Bxg6+ Kf8 38. Ne6+ Qxe6 39. dxe6 Rxh7 40. Bxh7 Ke7 41. Kg2 (41. Bf5 Rf8 42. Bh3
Rf3 $19) 41... Kxe6 {White can not even claim a pawn in compensation for the
missing exchange.} 42. Be4 Rd8 (42... Rc8 43. Bb2 Bh6 $19) 43. Bc3 Bh6 44. Be1
Rd1 45. Bf2 Rd2 46. Kf1 b5 47. Bb7 bxa4 48. bxa4 a5 49. Be1 Rb2 50. Bc8+ Kd6
51. Bxa5 Bd2 52. Bxd2 (52. Bd8 Rb8 $19) 52... Rxd2 53. h3 Ra2 54. a5 Rxa5 55.
Kf2 e4 0-1

[Event "EU-chT (Men) 13th"]
[Site "Leon"]
[Date "2001.11.10"]
[Round "5.2"]
[White "Fernandes, Antonio ETG"]
[Black "Arlandi, Ennio"]
[Result "1-0"]
[WhiteElo "2457"]
[BlackElo "2453"]
[Annotator "Ftacnik,L"]
[PlyCount "51"]
[EventDate "2001.11.06"]
[EventType "team-swiss"]
[EventRounds "9"]
[EventCountry "ESP"]
[SourceTitle "CBM 086"]
[Source "ChessBase"]
[SourceDate "2002.02.05"]
[SourceVersion "1"]
[SourceVersionDate "2002.02.05"]
[SourceQuality "1"]
[WhiteTeam "Portugal"]
[BlackTeam "Italy"]
[WhiteTeamCountry "POR"]
[BlackTeamCountry "ITA"]

1. e4 c5 2. Nf3 e6 3. d4 cxd4 4. Nxd4 Nf6 5. Nc3 d6 6. Be3 a6 7. Be2 Qc7 8. f4
Be7 9. O-O O-O 10. Kh1 Nc6 11. Qe1 Nxd4 12. Bxd4 b5 13. a3 Bb7 14. Qg3 Bc6 15.
Rad1 Qb7 16. Bf3 Rac8 17. Rfe1 b4 $2 (17... g6 18. e5 (18. Qh3 Rfd8 19. Rd3 Ne8
20. f5 e5 21. Be3 b4 22. axb4 Qxb4 23. Bd2 Qb7 24. Bg4 {1-0 Gallagher,J-Oral,T/
Baden 1999/ (29)}) 18... dxe5 19. fxe5 Ne8 20. Ne4 Ng7 21. Bc5 Nf5 {1/2-1/2
Kuporosov,V-Wojtkiewicz,A/Sochi/1980/ (27)}) (17... Rfd8 18. Nd5 exd5 19. exd5
Be8 20. Rxe7 Qxe7 21. Re1 Qxe1+ 22. Qxe1 Rxc2 23. h3 Kf8 {1/2-1/2 Maki,
V-Rytshagov,M/Tampere 2000/ (51)}) 18. axb4 Qxb4 19. Nd5 $1 {[%mdl 128] If the
move like this works in Sicilian defense for white, than the opponent is
usually in a big trouble.} Bxd5 (19... exd5 20. exd5 Bd8 21. dxc6 $18) 20. Bc3
(20. exd5 $1 Rxc2 21. dxe6 fxe6 (21... Qb3 22. Re3 Qc4 23. b3 Qc7 24. Rde1 $18)
22. Rxe6 Rc7 23. Qe1 Qxe1+ 24. Rdxe1 Bd8 (24... Kf7 25. Bb6 $18) 25. Rxd6 $16)
20... Qa4 (20... Rxc3 $1 21. bxc3 Nxe4 (21... Qxc3 22. exd5 Qc4 23. dxe6 fxe6
24. Qh3 $18) 22. Bxe4 (22. cxb4 Nxg3+ 23. hxg3 Bxf3 24. gxf3 d5 $11) 22... Qxe4
23. Rxe4 Bxe4 24. Qe3 d5 25. Ra1 $16) 21. exd5 Qxc2 22. dxe6 Rc7 (22... Qg6 23.
Qxg6 fxg6 24. Ra1 Ne8 25. Rxa6 Rxf4 26. Kg1 $16) (22... fxe6 23. Rxe6 Rc7 24.
Rde1 $18) 23. Be4 (23. Bd5 fxe6 24. Bxe6+ Kh8 25. Rd2 $16) 23... Qa4 $2 {
Arlandi consistently ignores the chance to fight on with Rxc3, now the game
will be over in a few moves.} (23... Rxc3 24. exf7+ Kxf7 25. Qxc3 Qxc3 26. bxc3
a5 (26... Rc8 27. Bb7 Rxc3 28. Bxa6 $18) 27. Bc2 Rb8 28. Re2 $16) 24. Bxf6 Bxf6
25. exf7+ Kh8 (25... Rcxf7 26. b3 Qd7 27. Bd5 $18) (25... Kxf7 $2 26. Bd5#) 26.
Qh3 1-0